Vereine in Deutschland 21/22 - Statistiken

Allgemein
  • Dieses Quiz wurde 389 mal gespielt
  • Das Durchschnittsergebnis liegt bei 39 aus 56
Antwortstatistiken
Verein % Korrekt
Bundesliga Borussia Dortmund
98%
3. Liga Borussia Dortmund II
98%
Bundesliga FC Bayern München
98%
2. Bundesliga FC Schalke 04
93%
Bundesliga RB Leipzig
91%
2. Bundesliga Werder Bremen
91%
Bundesliga Eintracht Frankfurt
90%
Bundesliga Hertha BSC
89%
Bundesliga VfB Stuttgart
89%
Bundesliga 1. FC Köln
88%
Bundesliga 1. FC Union Berlin
88%
2. Bundesliga Hamburger SV
88%
Bundesliga FC Augsburg
87%
Bundesliga Borussia Mönchengladbach
86%
Bundesliga SC Freiburg
86%
3. Liga SC Freiburg II
86%
Bundesliga Bayer 04 Leverkusen
85%
2. Bundesliga Dynamo Dresden
85%
Bundesliga VfL Bochum
85%
Bundesliga 1. FSV Mainz 05
84%
Bundesliga SpVgg Greuther Fürth
84%
Bundesliga VfL Wolfsburg
84%
Bundesliga TSG 1899 Hoffenheim
81%
2. Bundesliga Hannover 96
79%
2. Bundesliga Holstein Kiel
79%
2. Bundesliga 1. FC Nürnberg
78%
2. Bundesliga FC St. Pauli
78%
2. Bundesliga Hansa Rostock
76%
Bundesliga Arminia Bielefeld
75%
2. Bundesliga Fortuna Düsseldorf
75%
3. Liga 1. FC Kaiserslautern
73%
2. Bundesliga SV Darmstadt 98
70%
2. Bundesliga 1. FC Heidenheim
69%
2. Bundesliga FC Ingolstadt 04
68%
3. Liga Eintracht Braunschweig
66%
3. Liga TSV 1860 München
66%
2. Bundesliga SC Paderborn 07
65%
3. Liga 1. FC Magdeburg
61%
2. Bundesliga FC Erzgebirge Aue
60%
3. Liga 1. FC Saarbrücken
59%
3. Liga SV Waldhof Mannheim
59%
2. Bundesliga SSV Jahn Regensburg
57%
3. Liga MSV Duisburg
56%
2. Bundesliga SV Sandhausen
56%
3. Liga SV Wehen Wiesbaden
56%
3. Liga VfL Osnabrück
56%
2. Bundesliga Karlsruher SC
51%
3. Liga Hallescher FC
45%
3. Liga Würzburger Kickers
42%
3. Liga SV Meppen
37%
3. Liga FC Viktoria Köln
36%
3. Liga SC Verl
36%
3. Liga FSV Zwickau
35%
3. Liga FC Viktoria 1889 Berlin
25%
3. Liga Türkgücü München
24%
3. Liga TSV Havelse
20%
Keine übereinstimmenden Quizze gefunden
Verteilung der Resultate
Anzahl Personen mit jedem Resultat
Perzentil nach korrekt beantworteten Fragen
Ihre Resultats-Entwicklung
Sie haben dieses Quiz noch nicht gespielt